Datum a čas kvízu
26.5
Celkem bodů
Celkový počet nahraných bodů na tomto kvízu bez doplňovacích otázek.
2.
Pořadí na kvízu
Konečné umístění týmu na tomto kvízu.
Zaznamenané odpovědi
| # | Otázka | Odpověď | Body | Výsledky |
|---|---|---|---|---|
| 1. | Zástupci organizace Liga Libe... | v roušce | 0 | |
| 2. | V pátek byl v italských Benátk... | Mojžíš | 1 | |
| 3. | Minulý týden vstoupil do kin d... | Meky | 1 | |
| 4. | V pátek v San Francisku proběh... | Jevgenij Nikulin | 1 | |
| 5. | Nejslavnější bývalý atlet na s... | Olympia Lightning | 1 | |
| 6. | Různé návykové látky jsou užív... | pelyněk (pravý) | 1 | |
| 7. | Tabákové listy obsahují návyko... | viržinský | 1 | |
| 8. | Konopí se odpradávna používá j... | kanabinoidy | 1 | |
| 9. | Znáte nebo dokážete odvodit ná... | Heroin | 0 | |
| 10. | Kokain je získáván z listů tro... | D | 1 |